[Event "FIDE Open World Blitz 2021"]
[Site "Warsaw"]
[Date "2021.12.29"]
[Round "8.7"]
[White "Bologan, Victor"]
[Black "Efimenko, Zahar"]
[Result "1-0"]
[WhiteElo "2574"]
[BlackElo "2601"]
[Annotator "ChessBase"]
[PlyCount "75"]
[EventDate "2021.12.29"]
[EventType "swiss"]
[EventCountry "POL"]
[Tiebreak "Cut1 Buchholz"]
[SourceTitle "playchess.com"]
[Source "ChessBase"]
[SourceQuality "1"]

1. e4 g6 2. d4 Bg7 3. c4 d6 4. Nc3 Nc6 5. Be3 e5 6. dxe5 Nxe5 7. f4 Nc6 8. Nf3
Nf6 9. Bd3 O-O 10. O-O a5 11. h3 Nd7 12. Rc1 Nc5 13. Bb1 a4 14. e5 a3 15. bxa3
Rxa3 16. Bxc5 dxc5 17. Nb5 Ra5 18. Qxd8 Rxd8 19. Nxc7 f6 20. e6 Bf8 21. f5 gxf5
22. Bxf5 Ne7 23. g4 Rxa2 24. Rfd1 Rxd1+ 25. Rxd1 Nc6 26. Nd5 Kg7 27. e7 Nxe7
28. Nxe7 Bxe7 29. Bxc8 b6 30. Be6 Re2 31. Bf5 Kf8 32. Bxh7 Rb2 33. Bf5 b5 34.
cxb5 c4 35. Rc1 Rb3 36. Kg2 Rb4 37. Rc2 Bc5 38. Nd2 1-0

[Event "FIDE Open World Blitz 2021"]
[Site "Warsaw"]
[Date "2021.12.29"]
[Round "8.8"]
[White "Nepomniachtchi, Ian"]
[Black "Svane, Rasmus"]
[Result "1/2-1/2"]
[WhiteElo "2782"]
[BlackElo "2628"]
[Annotator "TA"]
[PlyCount "150"]
[EventDate "2021.12.29"]
[EventType "swiss"]
[EventCountry "POL"]
[Tiebreak "Cut1 Buchholz"]
[SourceTitle "playchess.com"]
[Source "ChessBase"]
[SourceQuality "1"]

1. e4 c6 2. d4 d5 3. Nd2 dxe4 4. Nxe4 Nf6 5. Nxf6+ exf6 6. c3 Bd6 7. Bd3 O-O 8.
Ne2 Re8 9. O-O Nd7 10. Bf4 Nf8 11. Qd2 Ng6 12. Bxd6 Qxd6 13. Rfe1 Be6 14. Ng3
Rad8 15. Qc2 b6 16. Re3 Re7 17. Rae1 Rde8 18. Qa4 Nf4 19. Bf1 Qc7 20. Qa3 g6
21. c4 Kg7 22. Re4 f5 23. Re5 f6 24. R5e3 Kf7 25. Ne2 Nxe2+ 26. R3xe2 Bc8 27.
Rxe7+ Rxe7 28. Rxe7+ Qxe7 29. Qxe7+ Kxe7 30. f4 c5 31. dxc5 bxc5 32. Kf2 Kd6
33. g3 Bb7 34. Bg2 Be4 35. Bf1 a5 36. Ke3 Bc6 37. Be2 Be4 38. Bf3 Bb1 39. a3
Bc2 40. Bd5 Ba4 41. Kd2 Be8 42. Kc3 Kc7 43. b4 axb4+ 44. axb4 Kb6 45. Be6 Bc6
46. b5 Bf3 47. Bg8 h6 48. Bh7 Bh5 49. Kd2 Kc7 50. Ke3 Kb6 51. h3 Ka5 52. Bg8 g5
53. Bh7 Bf7 54. Kd3 Be6 55. Bg6 Kb6 56. Be8 Ka5 57. Bc6 Kb6 58. Kc3 Ka5 59. Bg2
Kb6 60. Bf1 Ka5 61. Bd3 Kb6 62. Kb3 Ka5 63. Ka3 Bd7 64. Kb3 Be6 65. Kc3 Kb6 66.
Be2 Ka5 67. Kd3 Kb6 68. Ke3 Ka5 69. Bd3 Kb6 70. h4 Ka5 71. Bf1 Kb6 72. Kd3 Ka5
73. Kc3 Kb6 74. Bg2 Ka5 75. Bc6 Kb6 1/2-1/2

[Event "FIDE Open World Blitz 2021"]
[Site "Warsaw"]
[Date "2021.12.29"]
[Round "8.8"]
[White "Kozak, Adam"]
[Black "Vastrukhin, Oleg"]
[Result "1-0"]
[WhiteElo "2532"]
[BlackElo "2588"]
[Annotator "ChessBase"]
[PlyCount "131"]
[EventDate "2021.12.29"]
[EventType "swiss"]
[EventCountry "POL"]
[Tiebreak "Cut1 Buchholz"]
[SourceTitle "playchess.com"]
[Source "ChessBase"]
[SourceQuality "1"]

1. e4 e6 2. d4 d5 3. e5 c5 4. c3 Nc6 5. Nf3 Bd7 6. Bd3 Qb6 7. O-O cxd4 8. a3
Nge7 9. Re1 Nf5 10. Bxf5 exf5 11. cxd4 Be6 12. Nc3 Be7 13. b4 O-O 14. Na4 Qd8
15. Nc5 b6 16. Nd3 Rc8 17. Be3 h6 18. g3 a5 19. b5 Nb8 20. a4 Nd7 21. h4 Re8
22. Kg2 Nf8 23. Nf4 Qd7 24. Qe2 Rc4 25. Rec1 Rec8 26. Rxc4 dxc4 27. d5 Bxd5 28.
Rd1 Bxf3+ 29. Qxf3 Qc7 30. Nd5 Qd8 31. Nf6+ Bxf6 32. Rxd8 Bxd8 33. Qxf5 Ne6 34.
Qc2 c3 35. h5 Rc4 36. f4 Be7 37. Bxb6 Bc5 38. Bxc5 Rxc5 39. b6 Nd4 40. Qd3 c2
41. b7 c1=Q 42. b8=Q+ Rc8 43. Qxc8+ Qxc8 44. Qxd4 Qc2+ 45. Kh3 Qf5+ 46. g4 Qc8
47. f5 Qa8 48. Kg3 Qb8 49. Kf4 Kh7 50. Ke4 Qb3 51. Kf4 Qc2 52. e6 Qc1+ 53. Ke5
Qc7+ 54. Kd5 Qb7+ 55. Kd6 Qb8+ 56. Ke7 f6 57. Kd7 Qb7+ 58. Kd6 Qb8+ 59. Kc6
Qc8+ 60. Kb5 Qa8 61. Qd7 Qb8+ 62. Kxa5 Qa8+ 63. Kb5 Qb8+ 64. Kc5 Qb3 65. e7
Qc3+ 66. Kb6 1-0

[Event "FIDE Open World Blitz 2021"]
[Site "Warsaw"]
[Date "2021.12.29"]
[Round "8.9"]
[White "Timofeev, Artyom"]
[Black "Vachier-Lagrave, Maxime"]
[Result "0-1"]
[WhiteElo "2586"]
[BlackElo "2766"]
[Annotator "ChessBase"]
[PlyCount "132"]
[EventDate "2021.12.29"]
[EventType "swiss"]
[EventCountry "POL"]
[Tiebreak "Cut1 Buchholz"]
[SourceTitle "playchess.com"]
[Source "ChessBase"]
[SourceQuality "1"]

1. c4 e5 2. e3 Nf6 3. Nc3 Bb4 4. Nge2 O-O 5. a3 Bxc3 6. Nxc3 Re8 7. Be2 d5 8.
cxd5 Nxd5 9. d3 Nc6 10. O-O Be6 11. Qc2 Qe7 12. Ne4 Rad8 13. b4 a6 14. Bb2 Bc8
15. Bf3 Na7 16. Rac1 Nb5 17. Rfe1 c6 18. Nc5 Nf6 19. h3 h6 20. Red1 Nd6 21. a4
Nh7 22. e4 Ng5 23. Be2 Qf6 24. Bg4 Bxg4 25. hxg4 Ne6 26. Nxe6 Qxe6 27. f3 f6
28. d4 exd4 29. Rxd4 Nf7 30. Rcd1 Rxd4 31. Rxd4 Rd8 32. Rxd8+ Nxd8 33. Bd4 Nf7
34. Qc5 Qd7 35. Kf2 Ng5 36. Qc4+ Ne6 37. Be3 Kh7 38. Ke2 b5 39. axb5 axb5 40.
Qd3 Qe7 41. e5+ Kh8 42. Qe4 fxe5 43. Qxe5 Kg8 44. Kf2 Qd7 45. Qe4 Nc7 46. Qf5
Qe8 47. Bc5 Nd5 48. Qe4 Qxe4 49. fxe4 Nf6 50. Kf3 Kf7 51. Kf4 Nd7 52. Bd4 g6
53. Ke3 Ke6 54. Kf4 Nb8 55. Ke3 Na6 56. Bc3 c5 57. bxc5 Nxc5 58. Kd4 Nd7 59.
Bd2 g5 60. Bb4 Ne5 61. Bf8 Nxg4 62. Kc5 Ke5 63. Kxb5 Kxe4 64. Kc4 h5 65. Be7
Ne3+ 66. Kc5 g4 0-1

[Event "FIDE Open World Blitz 2021"]
[Site "Warsaw"]
[Date "2021.12.29"]
[Round "8.9"]
[White "Gabuzyan, Hovhannes"]
[Black "Murzin, Volodar"]
[Result "0-1"]
[WhiteElo "2580"]
[BlackElo "2519"]
[Annotator "ChessBase"]
[PlyCount "118"]
[EventDate "2021.12.29"]
[EventType "swiss"]
[EventCountry "POL"]
[Tiebreak "Cut1 Buchholz"]
[SourceTitle "playchess.com"]
[Source "ChessBase"]
[SourceQuality "1"]

1. Nf3 Nf6 2. g3 g6 3. Bg2 Bg7 4. O-O O-O 5. c4 d6 6. Nc3 Nbd7 7. d3 a5 8. a3
e5 9. Rb1 Re8 10. Qc2 Nf8 11. b4 Bd7 12. b5 b6 13. Bg5 Ne6 14. Bxf6 Bxf6 15. e3
Bg7 16. Nd2 Rc8 17. Nd5 Nc5 18. Nb3 Bf5 19. Nxc5 dxc5 20. a4 Qd6 21. Rbd1 Rcd8
22. Be4 Be6 23. Nc3 Rf8 24. Qe2 Kh8 25. Bd5 Bc8 26. Bg2 Be6 27. Nd5 Rde8 28.
Kh1 f5 29. Nc3 Bc8 30. Bc6 Re7 31. Bd5 Qf6 32. Bg2 Qd6 33. Nd5 Ree8 34. Kg1 h6
35. Rde1 Kh7 36. Qc2 Be6 37. Re2 Rf7 38. Rfe1 Rff8 39. Kh1 Bd7 40. Qd2 Bc8 41.
h4 Bd7 42. f4 exf4 43. exf4 Rxe2 44. Qxe2 Re8 45. Qxe8 Bxe8 46. Rxe8 c6 47.
bxc6 Qxc6 48. Re7 Qd6 49. Kh2 h5 50. Rb7 Qc6 51. Nxb6 Qe6 52. Nd7 Kh6 53. Nxc5
Qe3 54. Nb3 Bc3 55. c5 Be1 56. Kh1 Bxg3 57. Nd2 Qxd2 58. Rb1 Qc2 59. Rf1 Qxc5
0-1

[Event "FIDE Open World Blitz 2021"]
[Site "Warsaw"]
[Date "2021.12.29"]
[Round "8.10"]
[White "Shevchenko, Kirill"]
[Black "Amin, Bassem"]
[Result "0-1"]
[WhiteElo "2647"]
[BlackElo "2617"]
[Annotator "ChessBase"]
[PlyCount "94"]
[EventDate "2021.12.29"]
[EventType "swiss"]
[EventCountry "POL"]
[Tiebreak "Cut1 Buchholz"]
[SourceTitle "playchess.com"]
[Source "ChessBase"]
[SourceQuality "1"]

1. e4 e5 2. Nf3 Nc6 3. Bb5 a6 4. Ba4 Nf6 5. Nc3 b5 6. Bb3 Be7 7. d3 d6 8. a3
Na5 9. Ba2 c5 10. Bg5 Be6 11. Bxf6 Bxf6 12. Nd5 O-O 13. O-O Nc6 14. c3 g6 15.
Qd2 Bg7 16. Ng5 Kh8 17. b4 Rc8 18. Nxe6 fxe6 19. Ne3 Qe7 20. Qe2 h5 21. g3 Bh6
22. Rab1 Rf6 23. Nc2 Rcf8 24. a4 cxb4 25. Nxb4 Nxb4 26. Rxb4 Qc7 27. axb5 Qxc3
28. Rb3 Qc5 29. Rb2 axb5 30. Kg2 b4 31. h4 Qd4 32. Bc4 d5 33. Bb5 Rf3 34. Rc2
b3 35. Rb2 dxe4 36. dxe4 Rc3 37. Rfb1 Qc5 38. Bd3 Rb8 39. Rd1 Bc1 40. Rb1 b2
41. Ba6 Rf8 42. Rf1 Rc2 43. Qe1 Qa3 44. Bb5 Qa2 45. Qb4 Kg7 46. Qe7+ Rf7 47.
Qg5 Bxg5 0-1

[Event "FIDE Open World Blitz 2021"]
[Site "Warsaw"]
[Date "2021.12.29"]
[Round "8.10"]
[White "Mastrovasilis, Dimitrios"]
[Black "Dziuba, Marcin"]
[Result "1-0"]
[WhiteElo "2577"]
[BlackElo "2568"]
[Annotator "ChessBase"]
[PlyCount "77"]
[EventDate "2021.12.29"]
[EventType "swiss"]
[EventCountry "POL"]
[Tiebreak "Cut1 Buchholz"]
[SourceTitle "playchess.com"]
[Source "ChessBase"]
[SourceQuality "1"]

1. e4 e6 2. b3 d5 3. Bb2 Nf6 4. e5 Nfd7 5. Qg4 c5 6. f4 Nc6 7. Nf3 g6 8. Na3 a6
9. c3 b5 10. Nc2 Qb6 11. Be2 Bb7 12. O-O Be7 13. Kh1 a5 14. d4 b4 15. c4 dxc4
16. Bxc4 cxd4 17. Ncxd4 Nxd4 18. Nxd4 h5 19. Qh3 Nc5 20. f5 gxf5 21. Nxf5 Rg8
22. Ne3 Bg5 23. Rxf7 Bxe3 24. Rxb7 Qxb7 25. Qxh5+ Qf7 26. Qe2 Qf2 27. Qh5+ Qf7
28. Qe2 Qf2 29. Qh5+ Kd7 30. Rd1+ Kc7 31. Qh7+ Kb8 32. Qxg8+ Ka7 33. Qg7+ Nb7
34. Bc1 Rd8 35. Rf1 Bxc1 36. Rxf2 Be3 37. Rf1 Rd2 38. Qf7 Bb6 39. g3 1-0

[Event "FIDE Open World Blitz 2021"]
[Site "Warsaw"]
[Date "2021.12.29"]
[Round "8.11"]
[White "Movsesian, Sergei"]
[Black "Sarana, Alexey"]
[Result "1/2-1/2"]
[WhiteElo "2615"]
[BlackElo "2656"]
[Annotator "ChessBase"]
[PlyCount "132"]
[EventDate "2021.12.29"]
[EventType "swiss"]
[EventCountry "POL"]
[Tiebreak "Cut1 Buchholz"]
[SourceTitle "playchess.com"]
[Source "ChessBase"]
[SourceQuality "1"]

1. e4 c5 2. Nc3 d6 3. Nge2 Nf6 4. d4 cxd4 5. Nxd4 a6 6. h3 e5 7. Nde2 b5 8. Ng3
Nbd7 9. a4 Qa5 10. Bd3 b4 11. Nce2 Nc5 12. Bg5 Be7 13. O-O O-O 14. Nh5 Qd8 15.
Bxf6 Bxf6 16. Bc4 Be6 17. Bd5 Rc8 18. Nxf6+ Qxf6 19. Ng3 a5 20. b3 Rfd8 21. Qd2
g6 22. Rad1 h5 23. Qe3 Qf4 24. Qxf4 exf4 25. Ne2 Bxd5 26. exd5 Ne4 27. Nd4 Nc3
28. Rd2 Re8 29. Nc6 Ra8 30. Kh2 g5 31. g3 f3 32. g4 h4 33. Nd4 Ne4 34. Rd3 Rac8
35. Nc6 Nc3 36. Nxa5 Re2 37. Nc4 Rxc2 38. Nxd6 Rd8 39. Nf5 Ne4 40. Rxf3 Nd2 41.
Kg2 Nxf3 42. Kxf3 Rc3+ 43. Kg2 Rxb3 44. d6 Ra3 45. Rc1 Rxa4 46. Rc7 Raa8 47.
Nh6+ Kg7 48. Nxf7 Rdc8 49. Re7 Re8 50. Rc7 Rec8 51. Re7 Kf6 52. Ne5 Rd8 53.
Nd7+ Kg6 54. Ne5+ Kf6 55. Nd7+ Kg6 56. Ne5+ Kh6 57. Nf7+ Kg6 58. Nxd8 Rxd8 59.
Rb7 Rxd6 60. Rxb4 Rd3 61. Rb6+ Kg7 62. Rc6 Ra3 63. Rc7+ Kf6 64. Rc5 Rb3 65.
Rf5+ Kg6 66. Ra5 Rc3 1/2-1/2

[Event "FIDE Open World Blitz 2021"]
[Site "Warsaw"]
[Date "2021.12.29"]
[Round "8.11"]
[White "Narayanan.S.L"]
[Black "Klekowski, Maciej"]
[Result "0-1"]
[WhiteElo "2570"]
[BlackElo "2499"]
[Annotator "ChessBase"]
[PlyCount "66"]
[EventDate "2021.12.29"]
[EventType "swiss"]
[EventCountry "POL"]
[Tiebreak "Cut1 Buchholz"]
[SourceTitle "playchess.com"]
[Source "ChessBase"]
[SourceQuality "1"]

1. e4 c5 2. Ne2 Nc6 3. Nbc3 a6 4. d4 cxd4 5. Nxd4 e6 6. g3 Nxd4 7. Qxd4 b5 8.
Bg2 Bb7 9. Bf4 f6 10. Qd2 Rc8 11. O-O Ne7 12. Bd6 Nc6 13. Bxf8 Rxf8 14. a4 b4
15. Ne2 a5 16. Rfd1 Ne5 17. Nd4 Ba6 18. Kh1 Rf7 19. f4 Nc4 20. Qe2 Qb6 21. Qh5
Ne3 22. Qxh7 Nxd1 23. Rxd1 Rc4 24. c3 bxc3 25. bxc3 Rxc3 26. Qh8+ Rf8 27. Qh5+
Ke7 28. Qg4 Rd3 29. Rxd3 Bxd3 30. Nf3 Bxe4 31. Qxg7+ Rf7 32. Qg8 Qc6 33. Ne1
Qc1 0-1

[Event "FIDE Open World Blitz 2021"]
[Site "Warsaw"]
[Date "2021.12.29"]
[Round "8.12"]
[White "Zilka, Stepan"]
[Black "Najer, Evgeniy"]
[Result "0-1"]
[WhiteElo "2593"]
[BlackElo "2654"]
[Annotator "ChessBase"]
[PlyCount "54"]
[EventDate "2021.12.29"]
[EventType "swiss"]
[EventCountry "POL"]
[Tiebreak "Cut1 Buchholz"]
[SourceTitle "playchess.com"]
[Source "ChessBase"]
[SourceQuality "1"]

1. e4 e5 2. Nf3 Nc6 3. Bc4 Bc5 4. c3 Nf6 5. d3 d6 6. O-O a6 7. a4 Ba7 8. Nbd2
O-O 9. h3 Ne7 10. d4 Ng6 11. Re1 h6 12. Bb3 Re8 13. Bc2 b5 14. Nf1 Bb7 15. Ng3
Bb6 16. b4 a5 17. axb5 axb4 18. Rxa8 Qxa8 19. cxb4 exd4 20. Nxd4 Nxe4 21. Nxe4
Bxe4 22. Bxe4 Rxe4 23. Nc6 Qe8 24. Rxe4 Qxe4 25. Qf1 Kh7 26. Bb2 Nf4 27. g3 Nd3
0-1

[Event "FIDE Open World Blitz 2021"]
[Site "Warsaw"]
[Date "2021.12.29"]
[Round "8.12"]
[White "Dvirnyy, Danyyil"]
[Black "Adly, Ahmed"]
[Result "1/2-1/2"]
[WhiteElo "2493"]
[BlackElo "2602"]
[Annotator "ChessBase"]
[PlyCount "28"]
[EventDate "2021.12.29"]
[EventType "swiss"]
[EventCountry "POL"]
[Tiebreak "Cut1 Buchholz"]
[SourceTitle "playchess.com"]
[Source "ChessBase"]
[SourceQuality "1"]

1. Nf3 d5 2. d4 Nf6 3. c4 c6 4. e3 e6 5. Nbd2 Nbd7 6. Bd3 dxc4 7. Nxc4 b5 8.
Nce5 Bb7 9. a4 a6 10. O-O Be7 11. Bd2 O-O 12. b4 bxa4 13. Qxa4 c5 14. bxc5 Bxf3
1/2-1/2

[Event "FIDE Open World Blitz 2021"]
[Site "Warsaw"]
[Date "2021.12.29"]
[Round "8.13"]
[White "Maghsoodloo, Parham"]
[Black "Socko, Bartosz"]
[Result "0-1"]
[WhiteElo "2706"]
[BlackElo "2571"]
[Annotator "ChessBase"]
[PlyCount "139"]
[EventDate "2021.12.29"]
[EventType "swiss"]
[EventCountry "POL"]
[Tiebreak "Cut1 Buchholz"]
[SourceTitle "playchess.com"]
[Source "ChessBase"]
[SourceQuality "1"]

1. d4 e6 2. c4 b6 3. Nf3 Bb7 4. Nc3 Bb4 5. Bd2 Nf6 6. e3 O-O 7. Bd3 d5 8. cxd5
Nxd5 9. e4 Nxc3 10. bxc3 Be7 11. O-O c5 12. Bf4 cxd4 13. cxd4 Nc6 14. Bc4 Na5
15. Bd3 Rc8 16. Rc1 Qd7 17. Qe2 Rxc1 18. Rxc1 Rc8 19. Rxc8+ Qxc8 20. h4 Qc3 21.
d5 exd5 22. exd5 Qa1+ 23. Kh2 Qf6 24. Qe4 g6 25. g3 Bf8 26. Bb5 Qd8 27. Bc6
Nxc6 28. dxc6 Bc8 29. c7 Qd7 30. Qe5 Qh3+ 31. Kg1 Bb7 32. Qc3 Qg4 33. Nh2 Qd1+
34. Nf1 Ba6 35. c8=Q Qxf1+ 36. Kh2 Qxf2+ 37. Kh1 Bxc8 38. Qxc8 Qc5 39. Qa8 Kg7
40. Qxa7 Bd6 41. Bxd6 Qxd6 42. Kg2 Qd2+ 43. Kf3 Qd3+ 44. Kf2 Qd4+ 45. Kf3 h5
46. a4 Qc3+ 47. Kf2 Qb2+ 48. Kf3 Qf6+ 49. Kg2 Qc6+ 50. Kf2 Qc2+ 51. Kf3 Qd1+
52. Kf2 Qd2+ 53. Kf3 Qa5 54. Qd7 Qf5+ 55. Qxf5 gxf5 56. Ke3 Kg6 57. Kd4 f4 58.
gxf4 Kf5 59. Kd5 Kxf4 60. Kc6 f5 61. Kxb6 Kg4 62. a5 f4 63. a6 f3 64. a7 f2 65.
a8=Q f1=Q 66. Qe4+ Qf4 67. Qxf4+ Kxf4 68. Kc5 Kg4 69. Kd4 Kxh4 70. Ke3 0-1

[Event "FIDE Open World Blitz 2021"]
[Site "Warsaw"]
[Date "2021.12.29"]
[Round "8.13"]
[White "Gumularz, Szymon"]
[Black "Volokitin, Andrei"]
[Result "0-1"]
[WhiteElo "2396"]
[BlackElo "2656"]
[Annotator "ChessBase"]
[PlyCount "52"]
[EventDate "2021.12.29"]
[EventType "swiss"]
[EventCountry "POL"]
[Tiebreak "Cut1 Buchholz"]
[SourceTitle "playchess.com"]
[Source "ChessBase"]
[SourceQuality "1"]

1. e4 c5 2. Nf3 e6 3. c3 Nf6 4. e5 Nd5 5. d4 cxd4 6. cxd4 d6 7. Bc4 Be7 8. O-O
O-O 9. Qe2 Bd7 10. Rd1 Bc6 11. Bxd5 Bxd5 12. Nc3 dxe5 13. dxe5 Bxf3 14. Qxf3
Qb6 15. Bf4 Nc6 16. Ne4 Rfd8 17. Nd6 Bxd6 18. exd6 Rd7 19. Rd2 e5 20. Be3 Nd4
21. Qe4 Qxd6 22. Rad1 f5 23. Qb1 Qf6 24. f4 Rad8 25. h3 exf4 26. Bf2 Ne2+ 0-1

[Event "FIDE Open World Blitz 2021"]
[Site "Warsaw"]
[Date "2021.12.29"]
[Round "8.14"]
[White "Chigaev, Maksim"]
[Black "Theodorou, Nikolas"]
[Result "1-0"]
[WhiteElo "2626"]
[BlackElo "2351"]
[Annotator "ChessBase"]
[PlyCount "77"]
[EventDate "2021.12.29"]
[EventType "swiss"]
[EventCountry "POL"]
[Tiebreak "Cut1 Buchholz"]
[SourceTitle "playchess.com"]
[Source "ChessBase"]
[SourceQuality "1"]

1. c4 Nf6 2. g3 g6 3. Bg2 Bg7 4. Nc3 O-O 5. e4 d6 6. Nge2 c5 7. d3 Nc6 8. h3 a6
9. a4 Ne8 10. Be3 Nd4 11. O-O Nc7 12. Rb1 Nxe2+ 13. Nxe2 b5 14. d4 cxd4 15.
Bxd4 e5 16. Bb6 bxc4 17. Qd2 Qe7 18. Rfd1 Rd8 19. Rbc1 Be6 20. Qa5 Rd7 21. b4
h5 22. Nc3 h4 23. g4 Bh6 24. Rc2 Kh7 25. Nd5 Bxd5 26. exd5 e4 27. Re1 f5 28.
Rxc4 Ne8 29. b5 Nf6 30. bxa6 fxg4 31. Bxe4 Qf7 32. Bg2 Rf8 33. a7 Ra8 34. Re6
gxh3 35. Bxh3 Nh5 36. Rxh4 Nf4 37. Be3 Kg7 38. Qc3+ Kg8 39. Bxf4 1-0

[Event "FIDE Open World Blitz 2021"]
[Site "Warsaw"]
[Date "2021.12.29"]
[Round "8.14"]
[White "Kadric, Denis"]
[Black "Nakamura, Hikaru"]
[Result "1/2-1/2"]
[WhiteElo "2566"]
[BlackElo "2736"]
[Annotator "ChessBase"]
[PlyCount "93"]
[EventDate "2021.12.29"]
[EventType "swiss"]
[EventCountry "POL"]
[Tiebreak "Cut1 Buchholz"]
[SourceTitle "playchess.com"]
[Source "ChessBase"]
[SourceQuality "1"]

1. e4 e5 2. Nf3 Nc6 3. Bc4 Bc5 4. c3 Nf6 5. d3 O-O 6. O-O d5 7. exd5 Nxd5 8. a4
a5 9. Re1 Bg4 10. h3 Bh5 11. Nbd2 Nb6 12. Bb3 Kh8 13. Ne4 Nd7 14. Ng3 Bg6 15.
Bd5 Bd6 16. d4 exd4 17. Bxc6 bxc6 18. Nxd4 Nc5 19. Nxc6 Qh4 20. Qd4 Qxd4 21.
Nxd4 Nd3 22. Rd1 Bxg3 23. fxg3 c5 24. Ne2 c4 25. Nf4 Rab8 26. Nxd3 cxd3 27. b4
Rfc8 28. Bd2 axb4 29. cxb4 Rc2 30. a5 Be4 31. a6 Ba8 32. Rac1 Ra2 33. b5 h6 34.
Bf4 Re8 35. Rd2 Ra5 36. Rb1 g5 37. Bc7 Ra3 38. b6 Rxa6 39. b7 Bxb7 40. Rxb7 Ra3
41. Bd6 Ra1+ 42. Kh2 h5 43. Re7 Rxe7 44. Bxe7 Kh7 45. Bxg5 Ra3 46. Bf4 Kg6 47.
Kg1 1/2-1/2

[Event "FIDE Open World Blitz 2021"]
[Site "Warsaw"]
[Date "2021.12.29"]
[Round "8.15"]
[White "Artemiev, Vladislav"]
[Black "Matlakov, Maxim"]
[Result "1-0"]
[WhiteElo "2699"]
[BlackElo "2614"]
[Annotator "ChessBase"]
[PlyCount "57"]
[EventDate "2021.12.29"]
[EventType "swiss"]
[EventCountry "POL"]
[Tiebreak "Cut1 Buchholz"]
[SourceTitle "playchess.com"]
[Source "ChessBase"]
[SourceQuality "1"]

1. c4 Nf6 2. g3 e6 3. Bg2 d5 4. Nf3 Be7 5. O-O O-O 6. b3 b6 7. Bb2 Bb7 8. cxd5
Nxd5 9. d4 Nd7 10. Re1 N5f6 11. Nc3 c5 12. e4 cxd4 13. Nxd4 Bc5 14. Re2 Ne5 15.
Na4 Bxd4 16. Bxd4 Nc6 17. Bb2 Qe7 18. Qe1 Rfd8 19. Rd1 b5 20. Nc3 b4 21. Nd5
exd5 22. exd5 Qd6 23. dxc6 Qxd1 24. cxb7 Rab8 25. Be5 Qxe1+ 26. Rxe1 Re8 27.
Kf1 Rbd8 28. Bc6 Re6 29. Bc7 1-0

[Event "FIDE Open World Blitz 2021"]
[Site "Warsaw"]
[Date "2021.12.29"]
[Round "8.15"]
[White "Wieczorek, Oskar"]
[Black "Czarnota, Pawel"]
[Result "0-1"]
[WhiteElo "2258"]
[BlackElo "2502"]
[Annotator "ChessBase"]
[PlyCount "96"]
[EventDate "2021.12.29"]
[EventType "swiss"]
[EventCountry "POL"]
[Tiebreak "Cut1 Buchholz"]
[SourceTitle "playchess.com"]
[Source "ChessBase"]
[SourceQuality "1"]

1. e4 c5 2. Nf3 d6 3. d4 cxd4 4. Nxd4 Nf6 5. Nc3 Nc6 6. h3 g6 7. Bc4 Bg7 8. O-O
O-O 9. Re1 Bd7 10. Bb3 Na5 11. Bg5 Nxb3 12. axb3 Qb6 13. Nf3 Bc6 14. Qd3 a6 15.
Rad1 Rfe8 16. Nd4 Rac8 17. Nxc6 Qxc6 18. Re2 h6 19. Bxf6 Bxf6 20. Nd5 Bg7 21.
c3 Kf8 22. Qf3 Qb5 23. b4 Qc6 24. h4 Kg8 25. h5 g5 26. Ne3 Qa4 27. Red2 Qb3 28.
Nf5 Bf8 29. Qg3 Qe6 30. Re2 Qc4 31. Qg4 Rc6 32. Rd4 Qa2 33. f4 e6 34. Ng3 Be7
35. fxg5 Bxg5 36. e5 d5 37. Rf4 Qb1+ 38. Rf1 Qh7 39. Ref2 Rc7 40. Ne2 Qg7 41.
Kh1 Qxe5 42. Nd4 Qe4 43. Rf4 Qd3 44. Rf6 Qe4 45. R1f4 Qe1+ 46. Kh2 Kf8 47.
Nxe6+ Rxe6 48. Rf1 Qe5+ 0-1

[Event "FIDE Open World Blitz 2021"]
[Site "Warsaw"]
[Date "2021.12.29"]
[Round "8.16"]
[White "Caruana, Fabiano"]
[Black "Demidov, Mikhail"]
[Result "1-0"]
[WhiteElo "2791"]
[BlackElo "2592"]
[Annotator "TA"]
[PlyCount "75"]
[EventDate "2021.12.29"]
[EventType "swiss"]
[EventCountry "POL"]
[Tiebreak "Cut1 Buchholz"]
[SourceTitle "playchess.com"]
[Source "ChessBase"]
[SourceQuality "1"]

1. d4 e6 2. Nf3 Nf6 3. Bf4 c5 4. e3 cxd4 5. exd4 b6 6. Be2 Bb7 7. O-O Be7 8. a4
O-O 9. Nbd2 Nc6 10. c3 Rc8 11. Nc4 d6 12. h3 Ba8 13. Bh2 Qd7 14. Re1 Rfd8 15.
Bf1 Bf8 16. Ne3 Na5 17. b4 Nc6 18. a5 bxa5 19. b5 Ne7 20. c4 a6 21. bxa6 Qc7
22. c5 Bxf3 23. Qxf3 Nc6 24. Red1 Qa7 25. Bb5 dxc5 26. Bxc6 cxd4 27. Nc4 Qxa6
28. Nxa5 Qb6 29. Rdb1 Bb4 30. Be5 d3 31. Bxf6 gxf6 32. Qg4+ Kf8 33. Rxb4 Qc5
34. Rb5 Qc3 35. Rd1 d2 36. Qb4+ Qxb4 37. Rxb4 Rd6 38. Rb2 1-0

[Event "FIDE Open World Blitz 2021"]
[Site "Warsaw"]
[Date "2021.12.29"]
[Round "8.16"]
[White "Sargsyan, Shant"]
[Black "Samunenkov, Ihor"]
[Result "1-0"]
[WhiteElo "2628"]
[BlackElo "2348"]
[Annotator "ChessBase"]
[PlyCount "73"]
[EventDate "2021.12.29"]
[EventType "swiss"]
[EventCountry "POL"]
[Tiebreak "Cut1 Buchholz"]
[SourceTitle "playchess.com"]
[Source "ChessBase"]
[SourceQuality "1"]

1. d4 d5 2. Nf3 Nf6 3. c4 e6 4. Nc3 a6 5. c5 b6 6. cxb6 c5 7. Qb3 cxd4 8. b7
Bxb7 9. Qxb7 dxc3 10. Qxa8 Bb4 11. b3 Qb6 12. a3 Bc5 13. e3 O-O 14. b4 Bd6 15.
Be2 Nfd7 16. a4 Bxb4 17. O-O Nc5 18. a5 Qc7 19. Nd4 Rd8 20. Rb1 Bxa5 21. Ba3 c2
22. Rbc1 e5 23. Rxc2 Bb6 24. Bxc5 Bxc5 25. Nb3 Nc6 26. Qxa6 Nb4 27. Qb5 Nxc2
28. Qxc5 Qxc5 29. Nxc5 Nb4 30. Rb1 Nc6 31. g3 g6 32. Rb6 Ne7 33. Rb7 Nf5 34.
Rd7 Rxd7 35. Nxd7 e4 36. Nf6+ Kg7 37. Nxd5 1-0

[Event "FIDE Open World Blitz 2021"]
[Site "Warsaw"]
[Date "2021.12.29"]
[Round "8.17"]
[White "Vokhidov, Shamsiddin"]
[Black "Nihal Sarin"]
[Result "0-1"]
[WhiteElo "2613"]
[BlackElo "2650"]
[Annotator "ChessBase"]
[PlyCount "106"]
[EventDate "2021.12.29"]
[EventType "swiss"]
[EventCountry "POL"]
[Tiebreak "Cut1 Buchholz"]
[SourceTitle "playchess.com"]
[Source "ChessBase"]
[SourceQuality "1"]

1. e4 Nc6 2. Nf3 d6 3. d4 Nf6 4. c3 e5 5. Bd3 g6 6. O-O Bg7 7. Nbd2 O-O 8. dxe5
dxe5 9. Nc4 Nh5 10. Bg5 Bf6 11. Bh6 Re8 12. Ne3 Bg7 13. Bg5 Bf6 14. Bxf6 Qxf6
15. Nd5 Qd6 16. Bc2 Kg7 17. Qe2 Ne7 18. Nxe7 Qxe7 19. Qe3 h6 20. Rad1 Qf6 21.
Nd2 Bg4 22. f3 Be6 23. g3 b6 24. Bb3 Rad8 25. Rfe1 Qe7 26. Nf1 a5 27. Qf2 Bxb3
28. axb3 Qe6 29. Qc2 Nf6 30. Ne3 Qc6 31. Rxd8 Rxd8 32. Rd1 Rd6 33. Rxd6 Qxd6
34. Qd1 Qc5 35. Qd3 Ne8 36. Kg2 Nd6 37. Nc4 Nxc4 38. bxc4 a4 39. Qd5 Qe7 40.
Qc6 a3 41. bxa3 Qxa3 42. Qxc7 Qb2+ 43. Kh3 Qxc3 44. Kg2 b5 45. c5 b4 46. c6 b3
47. Qb7 Qc2+ 48. Kh3 b2 49. c7 b1=Q 50. Qxb1 Qxb1 51. c8=Q Qf1+ 52. Kh4 Qxf3
53. Qc6 h5 0-1